Normal view
MARC view
- فيفست،وليم س مؤلف/مورت،بول ر م.مؤلف/عفيفي:محمدالهادي مترجم/جابر،جابر عبد الحميد مترجم
Entry Personal Name
001 - CONTROL NUMBER
- control field: 7270
003 - CONTROL NUMBER IDENTIFIER
- control field: JO-AjAnu
005 - DATE AND TIME OF LATEST TRANSACTION
- control field: 20230606071457.0
008 - FIXED-LENGTH DATA ELEMENTS
- fixed length control field: 230606|| aca||aabn | a|a d
040 ## - CATALOGING SOURCE
- Original cataloging agency: JO-AjAnu
- Transcribing agency: JO-AjAnu
100 ## - HEADING--PERSONAL NAME
- Personal name: فيفست،وليم س مؤلف/مورت،بول ر م.مؤلف/عفيفي:محمدالهادي مترجم/جابر،جابر عبد الحميد مترجم
670 ## - SOURCE DATA FOUND
- Source citation: Work cat.: (JO-AjAnu)3763: فيفست،وليم س مؤلف/مورت،بول ر م.مؤلف/عفيفي:محمدالهادي مترجم/جابر،جابر عبد الحميد مترجم, author, المدرسة المتطورة